000 01147nam a22002177a 4500
003 OSt
005 20151026133603.0
008 130716b xxu||||| |||| 00| 0 eng d
040 _cCDMR
100 1 _93967
_aChavero Ramírez, Palmira
245 1 3 _aEl papel de la agenda de los medios en el proceso de comunicación política
_b: un estudio de caso : la legislatura 2008-2011
_cPalmira Chavero Ramírez ; Fermín Bouza Álvarez, Juan Jesús González Rodríguez
_h[recurs electrònic]
260 _aMadrid
_c2012
502 _aTesis defensada el dia 11 de juliol de 2012
_cUniversidad Complutense de Madrid, Facultad de Ciencias de la Información, Departamento de Sociología VI (Opinión Pública y Cultura de Masas)
650 0 4 _92807
_aMitjans de comunicació de massa
_xAspectes polítics
_zEspanya
650 0 4 _92994
_aTesis i dissertacions acadèmiques
700 1 _92346
_aBouza Alvarez, Fermín
700 1 _93968
_aGonzález Rodríguez, Juan Jesús
710 2 _93910
_aUniversidad Complutense de Madrid
_b-- Facultad de Ciencias de la Información
856 4 0 _uhttp://eprints.ucm.es/17478/
_yDisponible en línia (UCM)
942 _2udc
_cTSN-E
999 _c6601
_d6601